Türkiye'de yoksulluk ve eşitsizlik : (Record no. 14715)

MARC details
000 -BAŞLIK
Sabit Uzunlukta Kontrol Alanı 00809nam a22002417a 4500
999 ## - SİSTEM KONTROL NUMARALARI (KOHA)
Koha Biblionumber 14715
Koha Biblioitemnumber 14715
003 - KONTROL NUMARASI IDENTIFIER
Denetim Alanı MIRAKIL
005 - SON İŞLEM TARİHİ VE ZAMANI
Denetim Alanı 20211222145818.0
008 - SABİT-BOY VERİ ELEMANLARI - GENEL BİLGİLER
Sabit Uzunlukta Kontrol Alanı 211222b tu ||||| |||| 00| 0 tur d
020 ## - ULUSLARARASI STANDART KİTAP NUMARASI
Uluslararası Standart Kitap Numarası 9786056981814
040 ## - KATALOGLAMA KAYNAK
Orijinal Kataloglama Ajansı TR-AnCHP
Kataloglama Dili tur
Metne Dönüştürmek Ajansı TR-AnCHP
041 ## - DİL KODU
Metin / Ses Parça Veya Ayrı Başlığın Dil Kodu tur
082 ## - DEWEY ONLU SINIFLANDIRMA NUMARASI
Sınıflandırma Numarası 362.5
Ürün Numarası T96 2020
245 ## - BAŞLIK TABLOSU
Başlık Türkiye'de yoksulluk ve eşitsizlik :
Başlığın Kalan nedenler, süreçler, çözümler /
Sorumluluk Tablosu, Vb derleyen Sencer Ayata
246 ## - UNVAN FORM VARYING
Başlık Doğru / Kısa Başlığı nedenler, süreçler, çözümler
260 ## - YAYIN, DAĞITIM, VB
Yayın, Dağıtım, Vb Yeri Ankara:
Yayıncı, Dağıtıcı, Vs Adı SODAR,
Yayın, Dağıtım, Vb Tarihi 2020.
300 ## - FİZİKSEL TANIM
Kapsam 290 s.:
Diğer Fiziksel Ayrıntıları grf.;
Boyutlar 23 sm.
490 0# - SERİSİ TABLOSU
Seri Beyanı Sosyal Demokrasi Derneği;
-- Sosyal Denge ve Demokrasi Araştırma Merkezi;
Hacim / Ardışık Tanımı 1.
500 ## - GENEL NOT
Genel Not Kaynakça vardır.
650 ## - KONU KATMA GİRİŞ - TOPİKAL DÖNEM
Topikal Süreli Veya Coğrafi Ad Giriş Elemanı Yoksulluk
Coğrafi Alt Bölümü Türkiye
700 ## - KATMA GİRİŞ - KİŞİSEL İSİM
Kişisel Ad Ayata, Sencer
9 (RLIN) 6910
Relator Terim der.
740 ## - KATMA GİRİŞ - KONTROLSUZ İLGİLİ / ANALİTİK BAŞLIK
Kontrol Edilmeyen / İlgili Analitik Başlıktaki nedenler, süreçler, çözümler
942 ## - EKLENDİ GİRİŞ ELEMANLARI (KOHA)
Sınıflandırma Veya Raf Düzeni Kaynak Dewey Decimal Classification
Koha Öğesi Türü Books
Holdings
Kalıcı Konum Mevcut Konum Edinme Tarihi Toplam Check-Out'Lar Tam Çağrı Numarası Barkod Tarih Son Görülme İtibaren Geçerli Fiyatlar Koha Öğesi Türü
CHP Kütüphanesi CHP Kütüphanesi 12/22/2021   362.5 T96 2020 020205 12/22/2021 12/22/2021 Books
CHP Kütüphanesi CHP Kütüphanesi 03/01/2023   362.5 T96 2020 020771 03/01/2023 03/01/2023 Books